Observación del cambio lingüístico en tiempo real : (Registro nro. 13422)

Detalles MARC
000 -LIDER
fixed length control field 01421nam a2200337 a 4500
001 - NÚMERO DE CONTROL
Identificador de número de control 000044766
003 - IDENTIFICACDOR DE NÚMERO DE CONTROL
control field DO-SdBNP
005 - DATE AND TIME OF LATEST TRANSACTION
control field 20220114124545.0
008 - ELEMENTOS DE LONGITUD FIJA
fixed length control field 150109s2014 dr 000 0 spa d
020 ## - ISBN
International Standard Book Number 9789945415568
040 ## - FUENTE DE CATALOGACIÓN
Agencia que crea de manera original el registro DO-SdBNP
Idioma de catalogación spa
Agencia que realiza la transcripción BNPHU
082 ## - NÚMERO DE CLASIFICACIÓN DECIMAL DE DEWEY
Classification number 417.7293
Item number A325o 2014
Edition number 22
100 1# - ASIENTO PRINCIPAL -- NOMBRE PERSONAL
Nombre personal Alba, Orlando
245 10 - MENCIÓN DE TITULO
Título Observación del cambio lingüístico en tiempo real :
Subtítulo el nuevo léxico disponible de los dominicanos /
Mención de responsabilidad Orlando Alba; presentación Enrique A. Ramírez Paniagua; liminar Agripino Núñez Collado; prólogo Humberto López Morales.
260 ## - PUBLICACIÓN, DISTRIBUCIÓN, ETC. (PIE DE IMPRENTA)
Lugar de publicación, distribución, etc Santo Domingo :
Nombre del editor, distribuidor, etc. Banco de Reservas,
Fecha de publicación, distribución, etc 2014.
300 ## - DESCRIPCIÓN FÍSICA
Extensión 330 p. ;
Dimensiones 24 cm.
500 ## - NOTA GENERAL
Nota general Incluye datos biográficos del autor en la solapa de la cubierta.
500 ## - NOTA GENERAL
Nota general Incluye referencias bibliográfcas y notas a pie de las páginas
504 ## - NOTA DE BIBLIOGRAFÍA, ETC.
Bibliography, etc Bibliografía p: 133-142
590 ## - NOTA LOCAL
Texto de la nota local Inventariado, 2022/VM
650 #4 - ENCABEZAMIENTO DE MATERIA--TEMÁTICO
Término temático o nombre geográfico como elemento de entrada Cambio linguístico
Subdivisión temática general Estadística
Subdivisión geográfica República Dominicana
Subdivisión de forma
650 #4 - ENCABEZAMIENTO DE MATERIA--TEMÁTICO
Término temático o nombre geográfico como elemento de entrada Sociolingüística
Subdivisión geográfica República Dominicana
700 1# - ASIENTO SECUNDARIO -- NOMBRE PERSONAL
Nombre personal Ramírez Paniagua, Enrique A.
Mención de responsabilidad presentación
700 1# - ASIENTO SECUNDARIO -- NOMBRE PERSONAL
Nombre personal Núñez Collado, Agripino
700 1# - ASIENTO SECUNDARIO -- NOMBRE PERSONAL
Nombre personal López Morales, Humberto
Mención de responsabilidad prol.
710 2# - ASIENTO SECUNDARIO -- NOMBRE CORPORATIVO
Nombre corporativo o de jurisdicción Banco de Reservas de la Repuública Dominicana.
710 2# - ASIENTO SECUNDARIO -- NOMBRE CORPORATIVO
Nombre corporativo o de jurisdicción Pontificia Universidad Católica Madre y Maestra (República Dominicana).
830 #0 - ASIENTO SECUNDARIO DE SERIE--TÍTULO UNIFORME
Título uniforme Oro
Número de la parte o sección de una obra 4
910 ## - VALIDACIÓN
Validación VMateo V.
942 ## - ADDED ENTRY ELEMENTS (KOHA)
Source of classification or shelving scheme Dewey Decimal Classification
Koha item type Libros
Existencias
Withdrawn status Lost status Source of classification or shelving scheme Damaged status Not for loan Collection code Home library Current library Date acquired Source of acquisition Total Checkouts Full call number Barcode Date last seen Price effective from Koha item type
    Dewey Decimal Classification     Colección Dominicana Biblioteca Pública Metropolitana Salomé Ureña Biblioteca Pública Metropolitana Salomé Ureña 04/15/2021 Compra   BPMSU CD 417.7293 A325o 2014 BPMSU21040020 04/15/2021 04/15/2021 Libros